Foundations of computer science /

Guardado en:
Detalles Bibliográficos
Autores principales: Ullman, Jeffrey D (Autor), Aho, Alfred V (Autor)
Formato: Libro
Lenguaje:inglés
Publicado: New York : Computer Science Press, 1992
Edición:1.vyd.
Materias:
Etiquetas: Agregar Etiqueta
Sin Etiquetas, Sea el primero en etiquetar este registro!

MARC

LEADER 00000nam a22000003a 4500
001 stu7329
005 20150617225809.2
008 950131s1992----xxu-----------------eng-d
020 |a 0-7167-8233-2 
040 |a STU  |b slo 
041 0 |a eng 
044 |a xxu 
080 |a 681.32 
080 |a 519.68 
100 1 |a Ullman, Jeffrey D  |4 aut 
245 1 |a Foundations of computer science /  |c [aut.] Aho,Alfred V.; Ullman,Jeffrey D 
250 |a 1.vyd. 
260 |a New York :  |b Computer Science Press,  |c 1992 
300 |a 765 s 
650 7 |a informatika  |2 stusub 
650 7 |a počítače  |2 stusub 
650 7 |a programovanie  |2 stusub 
650 7 |a dátové štruktúry  |2 stusub 
650 7 |a modely dát  |2 stusub 
650 7 |a architektúra počítačov  |2 stusub 
700 1 |a Aho, Alfred V  |4 aut 
996 |b I4900  |c I*4900  |l II680  |s A  |a 24  |w stu7329_0001